| 000 | 00880nam a22002417a 4500 | ||
|---|---|---|---|
| 003 | DO-SdBNP | ||
| 005 | 20220204091712.0 | ||
| 007 | ta | ||
| 008 | 220204b2020 dr ac||| |||| 00| 0 spa d | ||
| 020 | _a9789945598162 | ||
| 040 |
_aDO-SdBNP _bspa _cBNPHU |
||
| 082 | 4 |
_222 _bR696L |
|
| 100 | 1 |
_aBenjamín Rodríguez, Carpio, _d1971- _981134 |
|
| 245 | 1 | 0 |
_aLino Zanini : _bel nuncio que desafió a Trujillo / _cJosé Benjamín Rodríguez Carpio ; prólogo Antonio Lluberes Navarro, S. J. |
| 260 |
_aSanto Domingo : _bArgos, _c2020. |
||
| 300 |
_a438 p. : _bil., retrs. ; _c23 cm. |
||
| 500 | _aIncluye datos biográficos del autor en las solapas. | ||
| 500 | _aIncluye referencias bibliográficas y notas al pie de las páginas. | ||
| 590 | _aInventariado, 2022 /LP | ||
| 700 | 1 |
_aLluberes Navarro, Antonio, _epról. _981135 |
|
| 910 | _aLopérez. | ||
| 942 |
_2ddc _cLBS1 |
||
| 999 |
_c51335 _d51335 |
||